|
|
|
|
| LEADER |
01035cam a2200265 7i4500 |
| 001 |
0000041289 |
| 005 |
20220905090000.0 |
| 020 |
|
|
|a 9799947979 (hbk. ; set)
|
| 020 |
|
|
|a 9799947987 (hbk. ; vol. 1)
|
| 020 |
|
|
|a 9799947995 (hbk. ; vol. 2)
|
| 090 |
0 |
0 |
|a BP131.2
|b .A26 2005
|
| 245 |
0 |
0 |
|a Atlas Al-Qur'an
|c penerjemah : Dr. Ahsin Sakho Muhammad, Dr. H. A. Sayuti Anshari Nasution, M. A..
|
| 250 |
|
|
|a Edisi Indonesia.
|
| 260 |
|
|
|a Jakarta, Indonesia:
|b PT Karisma Ilmu,
|c 2005.
|
| 300 |
|
|
|a 2 v.:
|b col. ill., maps;
|c 31 cm.
|
| 505 |
0 |
|
|a vol. 1. A. -- vol. 2. B
|
| 650 |
0 |
0 |
|a Names, Geographical --
|z Middle East
|
| 700 |
1 |
|
|a Muhammad, Ahsin Sakho
|
| 700 |
1 |
|
|a Nasution, H. A. Sayuti Anshari
|
| 997 |
|
|
|a Centre for Graduate Studies
|
| 997 |
|
|
|a Education & Social Sciences, Faculty
|b Islamic Studies, Department
|
| 998 |
|
|
|a Islamic Studies, Diploma
|
| 998 |
|
|
|a Islamic Studies, Degree
|
| 999 |
|
|
|a 0000054252
|b BOK
|c REFERENCE
|e Ground Floor, Bestari Jaya
|
| 999 |
|
|
|a 0000054253
|b BOK
|c REFERENCE
|e Ground Floor, Bestari Jaya
|